LEADER 00666nam a2200205 i 4500 001 000000037354 003 CaOOAMICUS 005 20260409142630.0 008 140910s1991 it u000 u mul u 013 $a7612 040 $aSeMil$bita 245 10$a1: Testo. 250 $a10. ed. riveduta 300 $a636 p. 773 0 $aPoppi, Angelico <1928-2017>$tSinossi dei quattro Vangeli.$dPadova : Messaggero, 1992.$g1$w()1500 850 $aSeMil 852 $aSeMil$W1$xVenegono$y1$m2VV III 16$j269973$B3509$CSeMilBibl$Z2$F3509 $81 961 $aOmaggio: Scuola Cattolica 996 $6245$a1: Testo$9(OLS)http://semarc/title/166416